[Event "37th Belgrade Trophy 2024"]
[Site "Belgrade"]
[Date "2024.11.23"]
[Round "4"]
[White "Slobodiansky, Steven"]
[Black "Karaivanova, Petya"]
[Result "1-0"]
[WhiteElo "2273"]
[BlackElo "1939"]
[Annotator "RC"]
[PlyCount "107"]
[EventDate "2024.11.23"]
[EventCountry "SRB"]
[SourceTitle "playchess.com"]
[Source "ChessBase"]
[SourceQuality "1"]

1. e4 e5 2. Bc4 Nc6 3. Nc3 Nf6 4. d3 Na5 5. Bb3 Nxb3 6. axb3 d5 7. Nf3 dxe4 8. dxe4 Qxd1+ 9. Kxd1 Bg4 10. Ke2 a6 11. Bg5 O-O-O 12. h3 Bxf3+ 13. gxf3 Be7 14. Rhg1 g6 15. Ra5 h6 16. Rxe5 hxg5 17. Rxe7 Nh5 18. Rxf7 Nf4+ 19. Ke3 Nxh3 20. Rg3 c6 21. Rf6 Rh6 22. Rg2 Kd7 23. Rf7+ Kc8 24. Rh2 Rh4 25. Rh1 Nf4 26. Rg1 Ne6 27. Ne2 Rh6 28. Rf6 Re8 29. Rd1 Ng7 30. Ng3 Re6 31. Rd6 Rxd6 32. Rxd6 Ne8 33. Re6 Kd7 34. Re5 Ng7 35. Rxg5 Ne6 36. Ra5 g5 37. Ra1 Nf4 38. Rd1+ Kc7 39. Rg1 Rh2 40. Nf1 Rh5 41. Rg4 Ne6 42. Ng3 Rh2 43. Ne2 c5 44. c3 Rh1 45. f4 gxf4+ 46. Nxf4 Nxf4 47. Kxf4 Rb1 48. Rg7+ Kc6 49. Ke5 Rxb2 50. f4 Rxb3 51. f5 Rxc3 52. f6 Rf3 53. f7 c4 54. Rg6+ 1-0

[Event "37th Belgrade Trophy 2024"]
[Site "Belgrade"]
[Date "2024.11.23"]
[Round "4"]
[White "Petrovic, Aleksa"]
[Black "Zoric, Savo"]
[Result "1-0"]
[WhiteElo "2262"]
[BlackElo "1938"]
[Annotator "RC"]
[PlyCount "61"]
[EventDate "2024.11.23"]
[EventCountry "SRB"]
[SourceTitle "playchess.com"]
[Source "ChessBase"]
[SourceQuality "1"]

1. d4 d5 2. Nf3 c5 3. dxc5 e6 4. e4 Bxc5 5. exd5 exd5 6. Bb5+ Nc6 7. O-O Nge7 8. h3 O-O 9. Bf4 Qb6 10. Qe2 a6 11. Bxc6 Nxc6 12. Nc3 Qxb2 13. Nxd5 Nd4 14. Nxd4 Qxd4 15. Rad1 Qa4 16. Qe5 Qc6 17. Rd3 f6 18. Qh5 Be6 19. Rfd1 Bf7 20. Qf3 Rad8 21. Bc1 Bxd5 22. Rxd5 Rxd5 23. Rxd5 Bxf2+ 24. Kxf2 Qxc2+ 25. Bd2 Qxa2 26. Rd7 Rf7 27. Qe2 Qb3 28. Qe8+ Rf8 29. Qe7 Qb6+ 30. Be3 Qb2+ 31. Kf3 1-0

[Event "37th Belgrade Trophy 2024"]
[Site "Belgrade"]
[Date "2024.11.23"]
[Round "4"]
[White "Chelushkina, Irina"]
[Black "Darmaeva, Nomina"]
[Result "1-0"]
[WhiteElo "2141"]
[BlackElo "1936"]
[Annotator "RC"]
[PlyCount "87"]
[EventDate "2024.11.23"]
[EventCountry "SRB"]
[SourceTitle "playchess.com"]
[Source "ChessBase"]
[SourceQuality "1"]

1. e4 c5 2. Nf3 d6 3. c3 Nf6 4. Be2 Nc6 5. d3 e6 6. O-O Be7 7. Re1 O-O 8. Bf1 e5 9. h3 d5 10. Nbd2 Re8 11. exd5 Qxd5 12. Nc4 Bf8 13. Bg5 b5 14. Ne3 Qd6 15. a4 b4 16. Nc4 Qc7 17. cxb4 cxb4 18. Rc1 Qb8 19. Ne3 Bd7 20. Bxf6 gxf6 21. Nh4 Ne7 22. d4 e4 23. Qh5 Ng6 24. Nd5 Qd6 25. Nf5 Bxf5 26. Qxf5 Kg7 27. Nc7 Qxd4 28. Nxa8 Rxa8 29. Qxe4 Rd8 30. Qxd4 Rxd4 31. Red1 Rxd1 32. Rxd1 Bc5 33. Rd5 Bb6 34. a5 Bc7 35. g3 Kf8 36. Rb5 Bd6 37. f4 Ne7 38. Bg2 Nc8 39. Kf1 Kg7 40. h4 Bf8 41. Rb7 a6 42. Bd5 Nd6 43. Ra7 Kh6 44. Rxa6 1-0

[Event "37th Belgrade Trophy 2024"]
[Site "Belgrade"]
[Date "2024.11.23"]
[Round "4"]
[White "Prudnikova, Svetlana"]
[Black "Komissarova, Soigina"]
[Result "1/2-1/2"]
[WhiteElo "2129"]
[BlackElo "1916"]
[Annotator "RC"]
[PlyCount "98"]
[EventDate "2024.11.23"]
[EventCountry "SRB"]
[SourceTitle "playchess.com"]
[Source "ChessBase"]
[SourceQuality "1"]

1. d4 d5 2. c4 e6 3. Nf3 Nf6 4. g3 dxc4 5. Bg2 c6 6. a4 Bb4+ 7. Bd2 a5 8. Qc2 O-O 9. Qxc4 Bxd2+ 10. Nbxd2 b6 11. Qc2 Ba6 12. Nb3 Nbd7 13. O-O Rc8 14. Rfd1 Nd5 15. e4 Nb4 16. Qd2 Qe7 17. Rac1 Rfd8 18. Qe3 h6 19. h4 Nf6 20. Ne5 Ne8 21. Bf3 Nd6 22. Nd2 b5 23. b3 Qa7 24. Bh5 f6 25. Ng6 Nf7 26. Bg4 Re8 27. Nf3 Rcd8 28. Nf4 Bc8 29. Nd3 bxa4 30. bxa4 Nd6 31. Nc5 Qf7 32. Qf4 h5 33. Bh3 Nb7 34. Nxb7 Qxb7 35. e5 Nd5 36. Qd2 Qb3 37. Kg2 Qxa4 38. Ra1 Qb4 39. Rxa5 Qxd2 40. Rxd2 Re7 41. exf6 gxf6 42. Rc2 Bd7 43. Ra7 Kf7 44. Nd2 Be8 45. Rca2 Nc3 46. Rxe7+ Kxe7 47. Ra7+ Bd7 48. Nb3 Nb5 49. Rb7 f5 1/2-1/2

[Event "37th Belgrade Trophy 2024"]
[Site "Belgrade"]
[Date "2024.11.23"]
[Round "4"]
[White "Karisik, Nenad"]
[Black "Djordjevic, Zoran To"]
[Result "1-0"]
[WhiteElo "2119"]
[BlackElo "1909"]
[Annotator "RC"]
[PlyCount "105"]
[EventDate "2024.11.23"]
[EventCountry "SRB"]
[SourceTitle "playchess.com"]
[Source "ChessBase"]
[SourceQuality "1"]
[TimeControl "40/5400+30:900+30"]

1. e4 Nf6 2. e5 Nd5 3. d4 b5 4. Nf3 a6 5. Bd3 e6 6. O-O c5 7. c3 Bb7 8. a3 Be7 9. Nbd2 c4 10. Bc2 f5 11. exf6 Nxf6 12. Ng5 O-O 13. Qe2 Qe8 14. Re1 Bd5 15. Nf1 h6 16. Nh3 Qh5 17. f3 Bd6 18. Nf4 Bxf4 19. Bxf4 Ne8 20. Bg3 Nc6 21. Ne3 Ne7 22. Nxd5 Nxd5 23. Qd2 Ne7 24. Re5 Qf7 25. a4 d6 26. Re2 Rd8 27. axb5 axb5 28. Ra7 Qf6 29. Qe3 Nf5 30. Qxe6+ Qxe6 31. Rxe6 Nxg3 32. hxg3 Rf7 33. Ree7 Rxe7 34. Rxe7 Rb8 35. Bg6 Nf6 36. Rc7 Kf8 37. Rf7+ Kg8 38. Ra7 Kf8 39. g4 b4 40. Rf7+ Kg8 41. Rc7 bxc3 42. bxc3 d5 43. Kh2 Kf8 44. Rf7+ Kg8 45. Re7 Kf8 46. Re3 Rb6 47. Kg3 Rb7 48. f4 Re7 49. Re5 Rxe5 50. dxe5 Nd7 51. Kf3 Nb8 52. Ke3 Nc6 53. Bc2 1-0

[Event "37th Belgrade Trophy 2024"]
[Site "Belgrade"]
[Date "2024.11.23"]
[Round "4"]
[White "Kostic, Milutin B"]
[Black "Baghdasaryan, Davit"]
[Result "1/2-1/2"]
[WhiteElo "2029"]
[BlackElo "2121"]
[Annotator "RC"]
[PlyCount "110"]
[EventDate "2024.11.23"]
[EventCountry "SRB"]
[SourceTitle "playchess.com"]
[Source "ChessBase"]
[SourceQuality "1"]

1. d4 Nf6 2. Nf3 e6 3. g3 c5 4. Bg2 cxd4 5. O-O d5 6. Nxd4 e5 7. Nb3 Nc6 8. Bg5 Be6 9. Nc3 d4 10. Ne4 Be7 11. Bxf6 gxf6 12. c3 Qb6 13. cxd4 Nxd4 14. Nxd4 exd4 15. Qa4+ Kf8 16. Rab1 Kg7 17. Rfd1 Rhd8 18. b4 Bf5 19. Qb3 Qb5 20. Rb2 Rac8 21. a4 Qe8 22. Nc5 b6 23. Nd3 Be6 24. Qa3 Rc3 25. Qa1 a5 26. bxa5 bxa5 27. Rb5 Ra3 28. Qc1 f5 29. Rxa5 Rc8 30. Qf4 Rxa4 31. Rxf5 Bxf5 32. Bb7 Ra6 33. Rf1 Qa4 34. Bxa6 Rd8 35. Qxd4+ Qxd4 36. Ne5 Bf6 37. Bd3 Bg6 38. Nxf7 Bxf7 39. Kg2 Ra8 40. Kf3 Ra3 41. Rb1 Ra2 42. Rb6 Be5 43. Rb7 Bf6 44. Rd7 Kf8 45. h4 Rc2 46. Rb7 Rc6 47. Rb5 Re6 48. Rb8+ Kg7 49. Rb6 Re5 50. Rxf6 Kxf6 51. Be4 Be8 52. Kf4 Qc5 53. Bd3 Re3 54. Bxh7 Rxg3 55. Kxg3 Qxf2+ 1/2-1/2

[Event "37th Belgrade Trophy 2024"]
[Site "Belgrade"]
[Date "2024.11.23"]
[Round "4"]
[White "Stamatovic, Aleksandar"]
[Black "Shchekachev, Andrei"]
[Result "0-1"]
[WhiteElo "2002"]
[BlackElo "2448"]
[Annotator "TA"]
[PlyCount "74"]
[EventDate "2024.11.23"]
[EventCountry "SRB"]
[SourceTitle "playchess.com"]
[Source "ChessBase"]
[SourceQuality "1"]

{[%evp 13,74,1,8,13,18,6,12,20,5,22,10,-5,0,0,2,-33,-39,-98,-52,-118,-119,-114,-117,-131,-92,-117,-76,-89,-89,-185,-194,-197,-185,-210,-214,-268,-275,-286,-285,-298,-292,-302,-297,-277,-217,-250,-178,-386,-386,-609,-620,-568,-453,-445,-438,-522,-466,-473,-465,-502,-496,-541,-529]} 1. e4 c5 2. Nf3 e6 3. c3 d5 4. exd5 Qxd5 5. d4 Nf6 6. Be3 cxd4 7. cxd4 Bb4+ 8. Nc3 O-O 9. Bd3 b6 10. O-O {The position is equal.} Bxc3 11. bxc3 Ba6 {Wards off c4} 12. Ne5 Bxd3 13. Qxd3 Nc6 14. f4 (14. Nxc6 {simplifies} Qxc6 15. c4 Rac8 16. Rac1) 14... Rac8 15. Rf3 (15. c4 $15 Qe4 16. Qxe4 Nxe4 17. Rfc1) 15... Qe4 (15... Na5 $17 16. f5 exf5 17. Qxf5 Rxc3) 16. Bd2 ({Better is} 16. Qd2 $1 $15) 16... Qxd3 $17 17. Rxd3 Na5 $36 {[%mdl 2048] Keeping White busy.} 18. Rf1 Ne4 19. Be1 Nd6 20. g4 Rfd8 21. f5 (21. Re3 $17) 21... f6 $19 22. Nf3 exf5 23. gxf5 Nxf5 24. Nd2 Ne7 25. Ne4 Nd5 26. Rg3 Rc6 27. Bd2 Re6 28. Nf2 Kh8 {Hoping for ...Re2.} 29. Nd3 g5 {Against Nf4} 30. Rf5 $2 {[#]} (30. Nb2) 30... Nc4 31. Bc1 (31. Rg2 $142) 31... Nxc3 {...Ne2+ is the strong threat. Excellent horsemanship. Black is clearly winning.} 32. Ne5 Nxe5 33. Rxc3 Rxd4 34. Be3 Rd7 35. h4 h6 ({Resist} 35... gxh4 36. Bf2 $19) 36. hxg5 hxg5 37. Kg2 Kg7 {Weighted Error Value: White=0.40/Black=0.18 (very precise) .  Mistake:       	White=5     	Black=1      Inaccurate:     	White=1     	Black=1      OK:         	White=4     	Black=14     Best:        	---       	Black=2} 0-1

[Event "37th Belgrade Trophy 2024"]
[Site "Belgrade"]
[Date "2024.11.23"]
[Round "4"]
[White "Liu, Haoling"]
[Black "Atalik, Suat"]
[Result "1/2-1/2"]
[WhiteElo "1942"]
[BlackElo "2420"]
[Annotator "TA"]
[PlyCount "89"]
[EventDate "2024.11.23"]
[EventCountry "SRB"]
[SourceTitle "playchess.com"]
[Source "ChessBase"]
[SourceQuality "1"]

{[%evp 11,89,10,10,8,17,0,6,2,11,0,0,0,0,-8,0,0,0,0,0,0,6,-14,0,-3,20,12,17,0,0,0,4,0,0,0,14,13,27,41,32,22,35,8,11,10,15,0,0,0,0,0,6,2,4,0,0,0,5,6,8,4,6,3,8,8,9,9,10,0,0,0,0,0,0,0,0,0,0,0,0,0]} 1. d4 e6 2. c4 Bb4+ 3. Nd2 d5 4. e3 Nf6 5. Ngf3 O-O 6. a3 Be7 7. b3 b6 8. cxd5 exd5 9. Bb2 Bb7 10. Be2 Nbd7 11. O-O Bd6 12. Rc1 Re8 13. b4 a6 14. Qc2 Rc8 15. Qf5 Qe7 16. Rc2 g6 17. Qh3 h5 18. Qh4 c6 19. Re1 a5 20. bxa5 bxa5 21. Nb3 Bxa3 22. Nxa5 Bxb2 (22... Bb4 $5 23. Bc3 (23. Nxb7 $2 {is the wrong capture.} Bxe1 24. Nxe1 Qb4 $19) 23... Bxc3 24. Rxc3 (24. Nxb7 $2 {loses.} Bxe1 25. Nxe1 Qb4 $19) 24... Qb4 $11) 23. Rxb2 Ba8 24. Nb3 Rb8 {[#] White must now prevent ...Qa3.} 25. Rbb1 Rb4 26. Nbd2 Reb8 {The position is equal.} 27. Rxb4 Rxb4 28. Ra1 Bb7 29. Qg5 Nf8 {[%cal Bd7f8,Bf8e6,Be6c5][%mdl 32]} 30. Bd3 Rb2 31. Rb1 Rxb1+ 32. Nxb1 Ne6 33. Qg3 Ne4 34. Qb8+ Kh7 $1 35. Nbd2 c5 36. dxc5 ({Much worse is} 36. Bxe4 dxe4 37. Ne5 cxd4 $17) 36... Nxd2 37. Nxd2 Nxc5 38. Bf1 Ba6 39. Qb4 {[#] And now Bxa6 would win.} Bxf1 40. Nxf1 $11 {KQN-KQN} Qc7 41. Qd2 Qe5 42. h3 Ne4 43. Qd3 Kg7 44. Nd2 Nxd2 45. Qxd2 {Weighted Error Value: White=0.04 (flawless) /Black=0.03 (flawless) .  Inaccurate:     	White=1     	---        OK:         	White=15    	Black=17     Best:        	White=1     	---        Strong:       	---       	Black=1} 1/2-1/2

[Event "37th Belgrade Trophy 2024"]
[Site "Belgrade"]
[Date "2024.11.23"]
[Round "4"]
[White "Zhdanov, Petr"]
[Black "Popovic, Dragan B"]
[Result "0-1"]
[WhiteElo "1917"]
[BlackElo "2185"]
[Annotator "RC"]
[PlyCount "62"]
[EventDate "2024.11.23"]
[EventCountry "SRB"]
[SourceTitle "playchess.com"]
[Source "ChessBase"]
[SourceQuality "1"]

1. e4 c5 2. d4 cxd4 3. c3 dxc3 4. Nxc3 Nc6 5. Nf3 e6 6. Bc4 a6 7. O-O b5 8. Bb3 Bb7 9. Bf4 Na5 10. Rc1 Nxb3 11. Qxb3 Nf6 12. Bc7 Qxc7 13. Nxb5 Qxc1 14. Rxc1 axb5 15. Qxb5 Bxe4 16. Ne5 Be7 17. f3 Bd5 18. a3 O-O 19. Nxd7 Nxd7 20. Qxd7 Bf6 21. Rc2 g6 22. Kf1 Rfd8 23. Qb5 Rdb8 24. Qd7 Bxb2 25. Rc7 Rf8 26. a4 Be5 27. Ra7 Rad8 28. Qb5 Rc8 29. Qb6 Rc1+ 30. Kf2 Rc2+ 31. Kg1 Rb8 0-1

[Event "37th Belgrade Trophy 2024"]
[Site "Belgrade"]
[Date "2024.11.23"]
[Round "4"]
[White "Khaleev, Timofey D"]
[Black "Jandric, Damjan"]
[Result "1-0"]
[WhiteElo "1743"]
[BlackElo "2110"]
[Annotator "RC"]
[PlyCount "87"]
[EventDate "2024.11.23"]
[EventCountry "SRB"]
[SourceTitle "playchess.com"]
[Source "ChessBase"]
[SourceQuality "1"]

1. e4 c5 2. Nf3 d6 3. d4 cxd4 4. Nxd4 Nf6 5. Nc3 a6 6. Be2 e5 7. Nb3 Be7 8. Be3 O-O 9. g4 Be6 10. g5 Nfd7 11. Qd2 Nc6 12. h4 a5 13. Bb5 Nb6 14. Nd5 Bxd5 15. exd5 Na7 16. Be2 a4 17. Na5 Qc7 18. b3 Bd8 19. Nc4 Nxc4 20. bxc4 Qd7 21. Rb1 Nc8 22. Qd3 Ba5+ 23. c3 Qc7 24. h5 Bb6 25. g6 Bxe3 26. gxh7+ Kh8 27. Qxe3 b6 28. Rg1 Qe7 29. Kd2 Qf6 30. Bd3 Qh4 31. Qg3 Qf6 32. Rg2 Qh6+ 33. Qg5 Qxg5+ 34. Rxg5 f6 35. Rg3 f5 36. Rbg1 Ra7 37. h6 g6 38. Rxg6 Rxh7 39. f3 Rhf7 40. Rg7 Rf6 41. h7 R6f7 42. Rxf7 Rxf7 43. Rg8+ Kxh7 44. Rxc8 1-0

[Event "37th Belgrade Trophy 2024"]
[Site "Belgrade"]
[Date "2024.11.26"]
[Round "4.3"]
[White "Leftheriotis, Alexandros"]
[Black "Xie, Jianjun"]
[Result "1/2-1/2"]
[WhiteElo "2165"]
[BlackElo "2361"]
[Annotator "TA"]
[PlyCount "55"]
[EventDate "2024.11.23"]
[EventCountry "SRB"]
[SourceTitle "playchess.com"]
[Source "ChessBase"]
[SourceQuality "1"]
[TimeControl "40/5400+30:900+30"]

{[%evp 16,55,32,24,14,14,29,24,27,29,39,27,22,42,37,35,35,33,16,-2,0,0,0,0,0,0,15,7,8,14,12,6,8,0,0,0,0,0,0,0,0,0]} 1. e4 {[%emt 0:00:43]} e5 {[%emt 0:00:10]} 2. Nf3 {[%emt 0:00:37]} Nc6 {[%emt 0:00:06]} 3. Bb5 {[%emt 0:00:36]} a6 {[%emt 0:00:06]} 4. Ba4 {[%emt 0:00:26]} Nf6 {[%emt 0:00:06]} 5. d3 {[%emt 0:00:24]} d6 {[%emt 0:02:28]} 6. c3 {[%emt 0:00:42]} g6 {[%emt 0:00:37]} 7. O-O {[%emt 0:01:01]} Bg7 {[%emt 0:00:03]} 8. Re1 {[%emt 0:00:42]} O-O {[%emt 0:00:06]} 9. h3 {[%emt 0:01:26]} Re8 {[%emt 0:03:12]} 10. Be3 {[%emt 0:02:59]} d5 {[%emt 0:14:46]} 11. Nbd2 {[%emt 0:05:34]} h6 {[%emt 0:00:34]} 12. a3 {[%emt 0:13:07]} g5 {[%emt 0:18:46]} 13. d4 {[%emt 0:17:40]} exd4 {[%emt 0:16:45]} 14. Nxd4 {[%emt 0:08:20]} Bd7 {[%emt 0:00:08]} 15. Nxc6 {[%emt 0:02:17]} Bxc6 {[%emt 0:05:54]} 16. Bxc6 {[%emt 0:02:11]} bxc6 {[%emt 0:00:02]} 17. Qa4 {[%emt 0:04:33]} Nxe4 {[%emt 0:05:07]} 18. Qxc6 {[%emt 0:05:06]} Re6 {[%emt 0:00:31]} 19. Qa4 {[%emt 0:00:06]} Rb8 {[%emt 0:02:57]} 20. Rad1 {[%emt 0:04:01][%cal Ba1d1,Bd1d5,Bd5c5][%mdl 32]} Qe8 {[%emt 0:10:31]} (20... Rxb2 $2 21. Nxe4 Qe7 (21... Rxe4 $2 {too greedy.} 22. Qxe4 c6 23. c4 $18) 22. Ng3 $18 (22. Rxd5 Rxe4 23. Qxa6 Bf6 $16) (22. Nc5 Rxe3 23. Rxe3 Qxc5 $18)) 21. Qxe8+ {[%emt 0:08:28]} Rexe8 {[%emt 0:00:13]} 22. Nxe4 {[%emt 0:00:16]} Rxe4 {[%emt 0:02:33]} 23. Rxd5 {[%emt 0:00:59]} Rxb2 {[%emt 0:00:01][%cal Ob2b3]} 24. Rc5 {[%emt 0:04:28]} Rb3 {[%emt 0:04:34]} 25. Rxc7 {[%emt 0:02:50]} Rxa3 {[%emt 0:04:14]} 26. Rd1 {[%emt 0:02:08] Strongly threatening Rd8+.} Be5 {[%emt 0:00:23]} 27. Rc8+ {[%emt 0:03:17]} Kg7 {[%emt 0:01:26]} 28. Bd4 {[%emt 0:01:04]} 1/2-1/2

[Event "37th Belgrade Trophy 2024"]
[Site "Belgrade"]
[Date "2024.11.26"]
[Round "4.4"]
[White "Martic, Ivan"]
[Black "Ughuzov, Ravan"]
[Result "1/2-1/2"]
[WhiteElo "2261"]
[BlackElo "2047"]
[Annotator "RC"]
[PlyCount "106"]
[EventDate "2024.11.23"]
[EventCountry "SRB"]
[SourceTitle "playchess.com"]
[Source "ChessBase"]
[SourceQuality "1"]
[TimeControl "40/5400+30:900+30"]

1. e4 {[%emt 0:00:03]} e6 {[%emt 0:00:13]} 2. d4 {[%emt 0:00:50]} d5 {[%emt 0:00:08]} 3. Nc3 {[%emt 0:00:15]} Nf6 {[%emt 0:00:12]} 4. Bg5 {[%emt 0:02:13]} Be7 {[%emt 0:00:12]} 5. e5 {[%emt 0:00:19]} Nfd7 {[%emt 0:00:07]} 6. h4 {[%emt 0:01:14]} a6 {[%emt 0:01:34]} 7. Qg4 {[%emt 0:02:08]} f5 {[%emt 0:13:36]} 8. Qg3 {[%emt 0:06:15]} c5 {[%emt 0:04:13]} 9. Nf3 {[%emt 0:03:54]} Nc6 {[%emt 0:00:59]} 10. O-O-O {[%emt 0:04:31]} cxd4 {[%emt 0:05:03]} 11. Nxd4 {[%emt 0:00:46]} Bxg5+ {[%emt 0:16:21]} 12. hxg5 {[%emt 0:00:13]} Ndxe5 {[%emt 0:03:26]} 13. Nxc6 {[%emt 0:28:21]} Nxc6 {[%emt 0:00:08]} 14. g6 {[%emt 0:10:14]} h6 {[%emt 0:07:02]} 15. Nxd5 {[%emt 0:08:41]} exd5 {[%emt 0:02:41]} 16. Bc4 {[%emt 0:00:50]} Be6 {[%emt 0:25:18]} 17. Rhe1 {[%emt 0:01:55]} Qe7 {[%emt 0:00:41]} 18. Bxd5 {[%emt 0:01:20]} Bxd5 {[%emt 0:00:08]} 19. Rxe7+ {[%emt 0:02:44]} Nxe7 {[%emt 0:00:15]} 20. Qe5 {[%emt 0:02:28]} Rd8 {[%emt 0:08:53]} 21. Re1 {[%emt 0:01:25]} Rd7 {[%emt 0:00:16]} 22. c4 {[%emt 0:05:57]} Bxg2 {[%emt 0:01:55]} 23. Qxg7 {[%emt 0:05:19]} Rf8 {[%emt 0:00:05]} 24. Qxh6 {[%emt 0:01:20]} Be4 {[%emt 0:05:08]} 25. Qh5 {[%emt 0:03:06]} Rg8 {[%emt 0:01:21]} 26. g7+ {[%emt 0:00:49]} Kd8 {[%emt 0:00:05]} 27. Qf7 {[%emt 0:00:17]} Rd3 {[%emt 0:00:21]} 28. Rg1 {[%emt 0:01:43]} Rd6 {[%emt 0:02:13]} 29. Rg3 {[%emt 0:00:13]} Kd7 {[%emt 0:01:03]} 30. f3 {[%emt 0:02:26]} Bc6 {[%emt 0:00:20]} 31. Rg5 {[%emt 0:00:11]} Bxf3 {[%emt 0:00:53]} 32. Rxf5 {[%emt 0:00:16]} Rd1+ {[%emt 0:00:23]} 33. Kc2 {[%emt 0:00:05]} Be4+ {[%emt 0:00:03]} 34. Kxd1 {[%emt 0:00:05]} Bxf5 {[%emt 0:00:03]} 35. Kd2 {[%emt 0:01:31]} Be6 {[%emt 0:00:22]} 36. Qf4 {[%emt 0:00:42]} Nf5 {[%emt 0:00:26]} 37. Qf3 {[%emt 0:01:03]} Kc8 {[%emt 0:01:13]} 38. Qe4 {[%emt 0:00:29]} Bd7 {[%emt 0:00:18]} 39. Qe5 {[%emt 0:00:46]} Rxg7 {[%emt 0:00:32]} 40. Qc5+ {[%emt 0:00:31]} Kb8 {[%emt 0:00:10]} 41. Kc3 {[%emt 0:16:04]} Re7 {[%emt 0:16:02]} 42. b3 {[%emt 0:00:26]} Bc8 {[%emt 0:00:25]} 43. a4 {[%emt 0:00:39]} Re3+ {[%emt 0:00:52]} 44. Kb4 {[%emt 0:00:21]} Re8 {[%emt 0:00:51]} 45. Ka3 {[%emt 0:02:19]} Re1 {[%emt 0:00:57]} 46. Kb4 {[%emt 0:00:00]} Re6 {[%emt 0:00:00]} 47. a5 {[%emt 0:00:00]} Ne7 {[%emt 0:00:00]} 48. Ka3 {[%emt 0:00:00]} Nc6 {[%emt 0:00:00]} 49. b4 {[%emt 0:00:00]} Na7 {[%emt 0:00:00]} 50. Qf8 {[%emt 0:00:00]} Re3+ {[%emt 0:00:00]} 51. Kb2 {[%emt 0:00:00]} Re2+ {[%emt 0:00:00]} 52. Kc3 {[%emt 0:00:00]} Re6 {[%emt 0:00:00]} 53. Kb3 {[%emt 0:00:00]} Re3+ {[%emt 0:00:00]} 1/2-1/2